Major Parties of Northern Ireland - Statistics

General Stats
  • This quiz has been taken 1,274 times
  • The average score is 7 of 10
Answer Stats
Hint Answer % Correct
N - 29 Sinn Fein
96%
U - 38 Democratic Unionist Party
95%
U -13 Ulster Unionist Party
89%
N - 14 Social Democratic and Labour Party
86%
O - 8 Alliance
83%
O - 1 Green
68%
U - 1 Traditional Unionist Voice
58%
U - 1 Independent
37%
U - 1 UKIP
34%
U - 2 NI21
22%
No matching quizzes found
Score Distribution
Percent of People with Each Score
Percentile by Number Answered
Your Score History
You have not taken this quiz